000 00988nam a22001937a 4500
003 BR-ViAPE
005 20260417153338.0
008 260417s1945 por gs||||s001 0 por d
040 _cBR-ViAPE
110 _aEspírito Santo
_bEstado
245 _aRelatório da Secretaria da Fazenda, exposição, receita e despesa, obras e equipamentos, apólices em circulação, compromissos do estado, haveres do estado, bens arrendados, bens imóveis, movimento do café, delegacia do tesouro e caixa beneficente
260 _aVitória
_b[s.n.]
_c1945
300 _a194 p.
_bDocumento digitalizado (PDF)
500 _aDocumento digitalizado do acervo institucional do Arquivo Público do Estado do Espírito Santo - APEES.
650 _xAdministração pública
_zEspírito Santo
651 _aEspírito Santo
_xRelatórios governamentais
856 _uhttps://ape.es.gov.br/Media/ape/PDF/Relatorios/1941/relatorio%20-%20ano%201944.pdf
_yCLIQUE AQUI PARA ACESSAR O DOCUMENTO
942 _2ddc
_cMSGREL
_n1
999 _c518
_d518